000 00870nam a2200253Ia 4500
003 OSt
005 20220923213351.0
006 a|||||r|||| 00| 0
007 ta
008 220922b |||||||| |||| 00| 0 hin d
024 _a161,199
037 _cTextual
040 _aARTS
_cARTS
_bhin
041 _2hin
_ahin
082 _aO152,2:g(NT), L3
100 _aलाल, लक्ष्मीनारायण
245 0 _aआधुनिक हिन्दी नाटक और रंगमंच
246 _aĀdhunik hindī nāṭak aur rangahincha
260 _aइलाहाबाद
_b साहित्य भवन
_c1973
300 _a274
_ccm.
650 _aहिन्दी साहित्य
_9156264
942 _hO152,2:g(NT), L3
_cTEXL
_2CC
999 _c315871
_d315871